000 00665nam a2200181Ia 4500
008 100920s9999 xx 000 0 und d
082 _b105996
_a--- न 09
100 _aगार्डनर अर्ल स्टॅनली/आफळे ज्योती.
245 _aकचाटयातील वारस.
260 _bज्ञानदत्त प्रकाशन, पुणे.
_c2009
300 _a184
_bसाधी
365 _b180
520 _aकादंबरी.
630 _aकचाटयातील वारस.
650 _aकादंबरी.
730 _aकचाटयातील वारस.
942 _cBOOK
999 _c746427
_d746424